Impact Of Urbanisation And Industrialization On Rural Society (Record no. 23959)

MARC details
000 -LEADER
fixed length control field 00458nam a2200169Ia 4500
008 - FIXED-LENGTH DATA ELEMENTS--GENERAL INFORMATION
fixed length control field 220531s9999 xx 000 0 und d
041 ## - LANGUAGE CODE
Language code of text/sound track or separate title eng
082 ## - DEWEY DECIMAL CLASSIFICATION NUMBER
Item number LAM / SOL
100 ## - MAIN ENTRY--PERSONAL NAME
Personal name Lamba, P. S. / Solanki, S. S.
9 (RLIN) 39769
245 ## - TITLE STATEMENT
Title Impact Of Urbanisation And Industrialization On Rural Society
260 ## - PUBLICATION, DISTRIBUTION, ETC. (IMPRINT)
Name of publisher, distributor, etc. Wiley
Date of publication, distribution, etc. 1995
300 ## - PHYSICAL DESCRIPTION
Extent 187
542 ## - INFORMATION RELATING TO COPYRIGHT STATUS
Copyright holder 31-07-1998
650 ## - SUBJECT ADDED ENTRY--TOPICAL TERM
Topical term or geographic name as entry element Sociology
9 (RLIN) 39770
906 ## - LOCAL DATA ELEMENT F, LDF (RLIN)
d 1998-1999
f 6611
Holdings
Withdrawn status Lost status Source of classification or shelving scheme Damaged status Not for loan Home library Current library Date acquired Vendor Cost, normal purchase price Total Checkouts Total Holds Full call number Barcode Date last seen Bill Date Koha item type Original Barcode
    Dewey Decimal Classification     Shri Siddhivinayak Mahila Mahavidyalaya Shri Siddhivinayak Mahila Mahavidyalaya 31/07/1998 International 200.00   1 /LAM / SOL/B/4943 SSMM-BK-4943 06/08/2022 06/08/2022 Books 010004943